<?xml version="1.0" encoding="UTF-8"?><?xml-stylesheet type="text/xsl" href="static/style.xsl"?><OAI-PMH xmlns="http://www.openarchives.org/OAI/2.0/" xmlns:xsi="http://www.w3.org/2001/XMLSchema-instance" xsi:schemaLocation="http://www.openarchives.org/OAI/2.0/ http://www.openarchives.org/OAI/2.0/OAI-PMH.xsd"><responseDate>2026-04-13T02:17:46Z</responseDate><request verb="GetRecord" identifier="oai:www.recercat.cat:10459.1/468672" metadataPrefix="marc">https://recercat.cat/oai/request</request><GetRecord><record><header><identifier>oai:recercat.cat:10459.1/468672</identifier><datestamp>2026-03-09T19:31:03Z</datestamp><setSpec>com_2072_3622</setSpec><setSpec>col_2072_479130</setSpec></header><metadata><record xmlns="http://www.loc.gov/MARC21/slim" xmlns:dcterms="http://purl.org/dc/terms/" xmlns:xsi="http://www.w3.org/2001/XMLSchema-instance" xmlns:doc="http://www.lyncode.com/xoai" xsi:schemaLocation="http://www.loc.gov/MARC21/slim http://www.loc.gov/standards/marcxml/schema/MARC21slim.xsd">
   <leader>00925njm 22002777a 4500</leader>
   <datafield ind2=" " ind1=" " tag="042">
      <subfield code="a">dc</subfield>
   </datafield>
   <datafield ind2=" " ind1=" " tag="720">
      <subfield code="a">González-Núñez, Ana</subfield>
      <subfield code="e">author</subfield>
   </datafield>
   <datafield ind2=" " ind1=" " tag="720">
      <subfield code="a">Gutiérrez-Rodríguez, Nauzet</subfield>
      <subfield code="e">author</subfield>
   </datafield>
   <datafield ind2=" " ind1=" " tag="260">
      <subfield code="c">2025</subfield>
   </datafield>
   <datafield ind2=" " ind1=" " tag="520">
      <subfield code="a">El objetivo del estudio es conocer la percepción de apoyo social de madres monoparentales latinoamericanas en Canarias, identificando las fortalezas y debilidades de los sistemas de apoyo formal y de las redes de apoyo informal. A través de una metodología cualitativa se realizaron 3 entrevistas grupales donde participaron 10 madres. Las entrevistas fueron transcritas y analizadas con el software ATLAS ti 22 y los datos se agruparon en dos grandes constructos sistemas de apoyo formal y redes de apoyo informal con varios temas y subtemas en ellos. Del análisis del discurso en relación con el apoyo formal las madres expresaban necesidades de apoyo a la conciliación laboral, familiar y personal, de asesoría jurídica centrada en extranjería y facilidades de acceso al mercado laboral, enfatizando la escasa atención de los servicios sociales. Por otra parte, destacan positivamente la calidad de atención prestada por el resto de los agentes del sistema de apoyo formal. Respecto al apoyo informal se resalta la relevancia del apoyo familiar, de amistades y el vecindario para su bienestar y el de sus hijos e hijas. Por tanto, se concluye la necesidad de fortalecer los sistemas de apoyo formal, y la promoción de redes de apoyo informal. Para ello, se destaca el papel de la comunidad como herramienta inclusiva para el bienestar estas madres monoparentales destacando el papel del Trabajo Social.</subfield>
   </datafield>
   <datafield tag="653" ind2=" " ind1=" ">
      <subfield code="a">Apoyo social</subfield>
   </datafield>
   <datafield tag="653" ind2=" " ind1=" ">
      <subfield code="a">Monoparentalidad</subfield>
   </datafield>
   <datafield tag="653" ind2=" " ind1=" ">
      <subfield code="a">Migración</subfield>
   </datafield>
   <datafield ind2="0" ind1="0" tag="245">
      <subfield code="a">La percepción de apoyo social de madres migrantes monoparentales latinoamericanas en Canarias</subfield>
   </datafield>
   <datafield ind2="0" ind1="0" tag="245">
      <subfield code="a">The perception of Social Support of Latin American Single-Parent Migrant Mothers in the Canary Islands</subfield>
   </datafield>
</record></metadata></record></GetRecord></OAI-PMH>